Statistiche per Stati degli Stati Uniti - Quiz

Clicka qui per fare il quiz!

Statistiche generali

  • Questo quiz è stato fatto 39.315 volte
  • Il punteggio medio è 32 su 50

Risposte nella Mappa

Le risposte nella mappa del quiz sottostante sono codificate secondo una scala di colori dal rosso al verde in base alla % di persone che hanno risposto correttamente.
Caricamento ...
 

Statistiche sulle risposte

Stato% Corretto
California
96%
Texas
94%
New York
93%
Alaska
91%
Florida
91%
Washington
90%
Hawaii
85%
Carolina del Nord
78%
Carolina del Sud
78%
Alabama
76%
Nevada
75%
Nuovo Messico
75%
Dakota del Nord
75%
Dakota del Sud
75%
Ohio
72%
Virginia
70%
Colorado
70%
Arizona
70%
Mississippi
70%
Arkansas
65%
Georgia
64%
New Jersey
64%
Michigan
63%
Kansas
63%
Illinois
62%
Montana
61%
Oregon
61%
Idaho
60%
Minnesota
59%
Missouri
59%
Utah
59%
Virginia Occidentale
57%
Louisiana
56%
Tennessee
56%
Maine
55%
Nebraska
54%
Pennsylvania
53%
Indiana
53%
Oklahoma
53%
Wyoming
52%
Kentucky
52%
Massachusetts
52%
Iowa
50%
Connecticut
50%
Rhode Island
48%
Delaware
48%
Wisconsin
48%
Maryland
48%
Vermont
47%
New Hampshire
46%

Distribuzione punteggi

Percentile per numero di risposta

Percentuale di utenti per punteggio

I tuoi punteggi nel tempo

Non hai fatto questo quiz